Anthropologists at home in north America : methods and issues in the study of one's own society (Record no. 371152)

MARC details
000 -LEADER
fixed length control field 00765nam a2200217Ia 4500
008 - FIXED-LENGTH DATA ELEMENTS--GENERAL INFORMATION
fixed length control field 191130s1981##################000#0#eng##
020 ## - INTERNATIONAL STANDARD BOOK NUMBER
ISBN 9780521284196
082 ## - DEWEY DECIMAL CLASSIFICATION NUMBER
Classification number 301.072073 MES
245 ## - TITLE STATEMENT
Title Anthropologists at home in north America : methods and issues in the study of one's own society
Statement of responsibility, etc Donald A. Messerschmidt, editor
260 ## - PUBLICATION, DISTRIBUTION, ETC. (IMPRINT)
Place of publication Cambridge
Name of publisher Cambridge University Press
Year of publication 1981
300 ## - PHYSICAL DESCRIPTION
Number of Pages x, 310 p. ; 24 cm
500 ## - GENERAL NOTE
General note Includes index. Bibliography: p. 281-299
650 ## - SUBJECT ADDED ENTRY--TOPICAL TERM
Topical Term Anthropology - Research - United States
Topical Term United States - Social conditions - 1960-
700 ## - ADDED ENTRY--PERSONAL NAME
Personal name Messerschmidt, Donald A
991 ## -
-- 11140
Holdings
Withdrawn status Lost status Damaged status Not for loan Home library Current library Shelving location Date acquired Full call number Accession Number Price effective from Koha item type
        Anna Centenary Library Anna Centenary Library 3RD FLOOR, B WING 17.10.2020 301.072073 MES 234164 17.10.2020 English Books

Find us on the map